El Lento retorno de las políticas industriales en América Latina y el Caribe /

Lo esencial de una política para acelerar el crecimiento económico es combinar la acumulación de conocimiento y la diversificación de la estructura productiva. Estas dos dimensiones son el eje de este artículo, que examina experiencias de política industrial durante el período de industrialización m...

Descrición completa

Gardado en:
Detalles Bibliográficos
Autor Principal: Peres, Wilson
Formato: Texto
Materias:
Etiquetas: Engadir etiqueta
Sen Etiquetas, Sexa o primeiro en etiquetar este rexistro!

MARC

LEADER 00000 a a2200000 04500
001 15998
003
040
100 |a Peres, Wilson  
245 |a El Lento retorno de las políticas industriales en América Latina y el Caribe /  |c Wilson Peres 
520 |a Lo esencial de una política para acelerar el crecimiento económico es combinar la acumulación de conocimiento y la diversificación de la estructura productiva. Estas dos dimensiones son el eje de este artículo, que examina experiencias de política industrial durante el período de industrialización mediante la sustitución de importaciones: pone de relieve las políticas que se aplican actualmente en la región y elabora una tipología de sus estrategias: presenta las principales líneas de acción e instrumentos de política, y analiza cuestiones relativas a la evaluación de la puesta en práctica y el impacto de las políticas aplicadas  
650 |a POLTICA INDUSTRIAL  
650 |a CRECIMIENTO ECONOMICO  
650 |a DIVERSIFICACION DE LA PRODUCCION  
650 |a AMERICA LATINA  
650 |a CARIBE  
650 |a ANALISIS COMPARATIVO  
773 |g número 88; páginas 71-88  
999 |c 26842  |d 26842